|
|
|
|
| LEADER |
01119nam a2200241 a 4500 |
| 001 |
12366074 |
| 008 |
010402s2000 enka b 001 0 eng d |
| 010 |
|
|
|a 2001267839
|
| 040 |
|
|
|a UKM
|c UKM
|d IXA
|d DLC
|
| 020 |
|
|
|a 1853836109
|
| 082 |
0 |
0 |
|a 338.9/27
|2 21
|
| 100 |
1 |
|
|a Fowler, Alan,
|d 1947-
|
| 245 |
1 |
4 |
|a The virtuous spiral :
|b a guide to sustainability for non-governmental organisations in international development /
|c Alan Fowler.
|
| 260 |
|
|
|a London ;
|a Sterling, VA :
|b Earthscan,
|c 2000.
|
| 300 |
|
|
|a xii, 225 p. :
|b ill. ;
|c 24 cm.
|
| 504 |
|
|
|a Includes bibliographical references (p. [202]-220) and index.
|
| 541 |
1 |
|
|e 00007669
|
| 650 |
|
0 |
|a Sustainable development.
|
| 650 |
|
0 |
|a Non-governmental organizations.
|
| 852 |
4 |
|
|a Ayesha Abed Library
|j General Shelf.
|
| 999 |
|
|
|c 5008
|d 5008
|
| 952 |
|
|
|0 0
|1 0
|2 ddc
|4 0
|6 338_927000000000000_FOW_2000
|7 0
|9 4832
|a BRACUL
|b BRACUL
|c GEN
|d 2009-11-02
|g 1680.00
|l 0
|o 338.927 FOW
|p 3010007669
|r 2009-11-02
|t 1
|w 2009-11-02
|y BK
|
| 952 |
|
|
|0 0
|1 0
|2 ddc
|4 0
|6 338_927000000000000_FOW_2000
|7 0
|9 4880
|a BRACUL
|b BRACUL
|c GEN
|d 2009-11-03
|g 1680.00
|l 0
|o 338.927 FOW
|p 3010007670
|r 2009-11-03
|t 2
|w 2009-11-03
|y BK
|